Microsoft Access 2002 : comprehensive concepts and techniques (Record no. 33861)

MARC details
000 -LEADER
fixed length control field 00463nam a22001577a 4500
005 - DATE AND TIME OF LATEST TRANSACTION
control field 20231011155434.0
008 - FIXED-LENGTH DATA ELEMENTS--GENERAL INFORMATION
fixed length control field 231011b |||||||| |||| 00| 0 eng d
020 ## - INTERNATIONAL STANDARD BOOK NUMBER
ISBN 0789562812
082 ## - DEWEY DECIMAL CLASSIFICATION NUMBER
Classification number 005.7565
Item number SHE
100 ## - MAIN ENTRY--AUTHOR
Author Name Shelly, Gary B.
245 ## - TITLE STATEMENT
Title Microsoft Access 2002 : comprehensive concepts and techniques
260 ## - PUBLICATION, DISTRIBUTION, ETC.
Place of Publication USA
Name of publisher, distributor, etc. Thomsons Learning
Date of publication, distribution, etc. 2002
500 ## - GENERAL NOTE
General note Quick Reference Summary,Index,Appendix Given.
650 ## - SUBJECT ADDED ENTRY--TOPICAL TERM
Subject / Department Computer
942 ## - ADDED ENTRY ELEMENTS (KOHA)
-- Book
-- BOOK
952 ## - LOCATION AND ITEM INFORMATION (KOHA)
-- 0
-- 0
Holdings
Lost status Damaged status Collection code Permanent Location Current Location Shelving Location Date acquired Full Call Number Accession No./Barcode Date last seen item type Koha item type
    CS/IT Superior Information Resource Center (SIRC) Superior University- Gold Campus Superior Information Resource Center (SIRC) Superior University- Gold Campus Computer 10/11/2023 005.7565 SHE-M 2002 20718 10/11/2023 BOOK BOOK

Powered by Koha